Moving Targets: (Record no. 568)

MARC details
000 -LEADER
fixed length control field 007930000a22002410004500
003 - CONTROL NUMBER IDENTIFIER
control field LK-CoMWRAF
005 - DATE AND TIME OF LATEST TRANSACTION
control field 20231113134355.0
008 - FIXED-LENGTH DATA ELEMENTS--GENERAL INFORMATION
fixed length control field 230817t2002 ||||| |||| 00| 0 eng d
020 ## - INTERNATIONAL STANDARD BOOK NUMBER
International Standard Book Number 9068328387
022 ## - INTERNATIONAL STANDARD SERIAL NUMBER
International Standard Serial Number 09227911
040 ## - CATALOGING SOURCE
Original cataloging agency LK-CoMWRAF
Modifying agency LK-CoMWRAF
Description conventions LK-CoMWRAF
041 ## - LANGUAGE CODE
Language code of text/sound track or separate title English
082 ## - DEWEY DECIMAL CLASSIFICATION NUMBER
Classification number 351.0073
Item number VAN
942 ## - ADDED ENTRY ELEMENTS (KOHA)
Koha item type Books
100 ## - MAIN ENTRY--PERSONAL NAME
Personal name van Oosterhout, Fon
245 ## - TITLE STATEMENT
Title Moving Targets:
Remainder of title Towards monitoring democratic decentralization
260 ## - PUBLICATION, DISTRIBUTION, ETC. (IMPRINT)
Place of publication, distribution, etc. Amsterdam:
Name of publisher, distributor, etc. Royal Tropical Institute,
Date of publication, distribution, etc. 2002
300 ## - PHYSICAL DESCRIPTION
Extent 69 p. : ill. ; 24 cm
Other physical details Bibliography included
490 ## - SERIES STATEMENT
Series statement Bulletin
Volume/sequential designation 349
856 ## - ELECTRONIC LOCATION AND ACCESS
Uniform Resource Identifier <a href="https://bibalex.org/baifa/Attachment/Documents/113728.pdf">https://bibalex.org/baifa/Attachment/Documents/113728.pdf</a>
650 ## - SUBJECT ADDED ENTRY--TOPICAL TERM
Topical term or geographic name as entry element Decentralization in government -- Evaluation
650 ## - SUBJECT ADDED ENTRY--TOPICAL TERM
Topical term or geographic name as entry element Evaluation research (Social action programs)
Holdings
Withdrawn status Lost status Damaged status Not for loan Permanent Location Current Location Date acquired Full call number Barcode Koha item type
        Resource center, Muslim Women's Research And Action Forum Resource center, Muslim Women's Research And Action Forum 2023-08-17 351.0073 VAN RAF1864 Books

Copyright © 2023 Muslim Women's Research and Action Forum (MWRAF), No 27/3, Anderson Road, Kalubowila, Dehiwela. Funded by The Asia Fundation